000 00295nam a22001217a 4500
082 _a629.254 FIS'S
100 _aFISHER, CHARLES H
_956544
245 _aSPARK IGNITION ENGINES FUEL INJECTION SYSTEMS
250 _a4TH
260 _aLONDON
_bCHAPMAN & HALL
_c1966
300 _a220P
942 _cBK
999 _c585111
_d585111